| 000 | 01085cad a22002295a 4500 | ||
|---|---|---|---|
| 001 | E143796 | ||
| 008 | 080602s2008 xxk f 000 0 eng d | ||
| 020 | _a9780755970636 | ||
| 035 | _a(Sirsi) u143796 | ||
| 041 | 0 | _aeng | |
| 050 | 0 | 4 | _a306.026 $2 18 |
| 100 | 1 | _aStrachan, Valerie | |
| 245 | 0 | 0 |
_aFirm foundations _bthe future of housing in Scotland, an analysis of responses _h[electronic resource] |
| 260 |
_aEdinburgh _bScottish Government _c2008 |
||
| 520 | _aSets out the results of the consultation on the document "Firm foundations: the future of housing in Scotland" (see E141964). 387 responses were received to the consultation, from individuals and organisations. Topics covered inlcuded housing supply, assistance for first time buyers, the role of the private rented sector and social rented housing. | ||
| 521 | _aAdvanced | ||
| 590 | _aKA | ||
| 651 | 4 |
_aScotland _y1999- |
|
| 690 |
_aResidential property _96266 |
||
| 856 | 4 | 0 |
_uhttps://www.scotland.gov.uk/Publications/2008/04/02094036/0 _zView the document free of charge at www.scotland.gov.uk... |
| 942 | _n0 | ||
| 999 |
_c108268 _d108268 |
||